=LDR 00000nam 2200000 4500 =001 INLIS000000000023623 =005 20130612122253 =008 ***********************************Ind** =035 ##$$0010-061300000023623 =041 ##$$a Ind =082 ##$$a 813 =090 ##$$a 813, Alc g =100 ##$$a Alcott, Louisa M =245 ##$$a Good wives little women, Louisa M. Alcott =260 ##$$a 1987 $b Cornwall =300 ##$$a 412 hlm, 21 cm =650 ##$$a Sastra =850 ##$$a NBPNMAT